The Catastrophic Implosion of Packet Sub

Tracy Mirkin, Aseem Keyal, Nick Jensen, Adam Fine


Beliefs1317.69100%54%23%
Fine Arts - Classical Music and Opera1014.0090%40%10%
Fine Arts - Other Fine Arts422.50100%100%25%
Fine Arts - Visual Fine Arts921.11100%89%22%
Geography616.67100%50%17%
History - European History1314.6292%39%15%
History - Other History917.78100%56%22%
History - US History1118.1891%82%9%
History - World History917.7889%56%33%
Literature - American Literature420.00100%75%25%
Literature - British Literature718.57100%86%0%
Literature - European Literature518.00100%80%0%
Literature - World Literature1220.00100%58%42%
Modern World320.00100%100%0%
Other Academic518.0080%80%20%
Philosophy714.29100%43%0%
Science - Astronomy215.00100%0%50%
Science - Biology714.2986%57%0%
Science - Chemistry816.2550%100%13%
Science - Other Science1016.0080%80%0%
Science - Physics522.00100%100%20%
Social Science718.57100%71%14%